000 00396nam a2200169Ia 4500
008 210210b1964 xxu||||| |||| 00| 0 eng d
041 _aeng
082 _a590/344
100 _aBATES (Marston)
245 _aMan in nature
260 _aNew Delhi
_bPrentice-Hall of India Private Limited
_c1964
650 _anature
650 _aMan
650 _ain
690 _aZoology
906 _a010912
999 _c138921
_d138921